D'un mot à l'autre - Statistiques

Statistiques générales
  • Ce quiz a été pris 41 fois
  • Le résultat moyen est 5 sur 8
Statistiques - réponses
Hint Réponse % Correct
Le baron est un morceau de viande de bœuf ou d'... agneau
97%
Les Québécois parlent de clavardage pour désigner ce mode de discussion sur Internet, qui porte le nom d’un animal. Quel est-il ? Chat
97%
Autrefois, on faisait "déguster" aux élèves tous les jours une cuillère d’huile de foie de... morue
95%
Qui est perché dans un roman d’Italo Calvino ? Baron
79%
D'après le titre d'un recueil de contes de Marcel Aymé, comment est qualifié le chat ? Perché
79%
Dans quel film culte, sorti en 1974, entend-on cette réplique : "Regarde-moi cette morue... porte même pas d'culotte", dite par Pierrot ? Les Valseuses
64%
Dans la comédie dramatique "Les Valseuses", quelle actrice, disparue en 2017, incarna le rôle de Jeanne ? Moreau
10%
Dans "Le Silence des Agneaux", quel organe a dévoré le héros "avec des fèves au beurre" dans une réplique culte ? Un foie
10%
Aucun quiz correspondant
Distribution des résultats
% des personnes avec chaque résultat
Percentile par nombre de réponses
Votre historique - résultats
Vous n’avez pas pris ce quiz